00391pab a2200145 454500008004000000100001600040245008600056260000900142300000900151362001000160650002300170700001400193700001800207773002000225180718b1990 xxu||||| |||| 00| 0 eng d aPandit, K.L aUnemployment among educated women and enterpreneurial qualitiesbA critical study c1990 a5-10 a7 May aWomen - Employment aA. Padhan aA.S. Langewar aUniversity News